| 000 | 01246nam a2200445 a 4500 | ||
|---|---|---|---|
| 001 | UByD002428 | ||
| 003 | AR-LpoUNG | ||
| 005 | 20240226135601.0 | ||
| 008 | 240226s2023||||ag |||||||||||||||||spa d | ||
| 020 | _a9789876307260 | ||
| 040 |
_aAR-LpoUNG _bspa _cAR-LpoUNG _eaacr |
||
| 041 | _aspa | ||
| 044 | _aag | ||
| 082 | 0 | _a910.132 7geo | |
| 100 | 1 |
_aQuintar, Aída _ecoor. |
|
| 245 | 1 | 0 |
_aGeografía política : _bterritorio y política desde la mirada de la geografía crítica |
| 250 | _a1ra. ed. | ||
| 260 |
_aBuenos Aires : _bUniversidad Nacional de General Sarmiento, _c2023. |
||
| 300 |
_a160 p. : _bil., mapas. |
||
| 490 | 0 |
_aTextos básicos. Geografía crítica ; _vno. 1 |
|
| 650 | 4 | _aGEOGRAFIA | |
| 650 | 4 | _aHISTORIA | |
| 650 | 4 | _aANALISIS HISTORICO | |
| 650 | 4 | _aECONOMIA | |
| 650 | 4 | _aAMERICA LATINA | |
| 650 | 4 | _aASPECTOS ECONOMICOS | |
| 650 | 4 | _aTEORIA | |
| 650 | 4 | _aGEOGRAFIA POLITICA | |
| 650 | 4 | _aCOLONIALISMO | |
| 650 | 4 | _aTEORIA POLITICA | |
| 650 | 4 | _aSOCIEDAD | |
| 650 | 4 | _aESTADO | |
| 700 | 1 | _aFritzsche, Federico | |
| 700 | 1 | _aCarmona, Rodrigo | |
| 700 | 1 | _aFekete Bustillo, Iván | |
| 700 | 1 | _aHail, Guadalupe | |
| 700 | 1 | _aCorvalán, Silvia | |
| 905 | _a42238 | ||
| 942 |
_cLIB _2ddc |
||
| 999 |
_c64943 _d64943 |
||